000 00685nam a22002057a 4500
999 _c15055
_d15055
003 MIRAKIL
005 20221024170051.0
008 221024b tu ||||| |||| 00| 0 tur d
020 _a9786053118220
040 _aTR-AnCHP
_cTR-AnCHP
041 _atur
082 _a155.25
_bÖ39a 2020
100 _aÖğütçü, Mehmet
245 1 0 _aAykırı beyinler acayip ilişkiler :
_bonlar sayesinde “zamlo” denen şeyler oluyor /
_cMehmet Öğütçü
260 _aİstanbul :
_bDestek Yayınları,
_c2020.
300 _a297 s.:
_c21 sm.
490 0 _aDestek Yayınları ;
_aGüncel ;
_v1270.
_v97.
650 0 _96253
_aKişisel gelişim
_xKadın erkek ilişkileri
942 _2ddc
_cBKS